000
00368nam a22001577a 4500
003
MPLRDC
005
20220104113725.0
008
210129b ||||| |||| 00| 0 eng d
082
_a
848.1 XDS-2
100
_a
许地山著
245
_a
许地山选集
_c
260
_a
_b
中流出版社
_c
1976
300
_b
平
650
_a
现代别集
942
_c
BK
_o
848.1 XDS-2
999
_c
1843
_d
1833